Економіка в контексті євроінтеграційних процесів: український вимір (Запис № 380775)

МАРК-запис
000 -Лідер
fixed length control field 00894nam a22002297a 4500
003 - Ідентифікатор контрольного номера
control field UA-OsUOA
001 - Контрольний номер
control field 94532
007 - Фіксоване поле фізичного опису
fixed length control field ta
008 - Елементи даних фіксованої довжини – загальна інформація
fixed length control field 20130213b un ||||| |||| 00| 0 ukr d
090 ## - Локальний шифр розміщення
Класифікаційний індекс УДК 339.923(4+477)
Авторський знак (НП) Е45
040 ## - Джерело каталогізації
Агенція оригінальної каталогізації UA-OsUOA
Мова каталогізації ukr
Агенція, яка здійснювала перезапис UA-OsUOA
Агенція, яка здійснювала модифікацію UA-OsUOA
041 ## - Код мови
Код мови тексту/ звукової доріжки чи окремого заголовка (П) ukr
080 ## - Індекс Універсальної десяткової класифікації
Індекс Універсальної десяткової класифікації (УДК) (НП) 339.923(4+477)
020 ## - Міжнародний стандартний книжковий номер (ISBN)
Міжнародний стандартний книжковий номер (ISBN) (НП) 978-966-179-013-0
245 ## - Відомості про назву
Назва (НП) Економіка в контексті євроінтеграційних процесів: український вимір
Решта назви (НП) монографія
Дані про відповідальність (НП) за заг. ред. Старіша О., Тумакової С.
260 ## - Публікація, розповсюдження і т.п. (Вихідні дані)
Місце публікації, розповсюдження і т.п. (П) Сімферополь
Ім’я/ наймення видавництва, розповсюджувача і т.п. (П) Оджакъ
Дата публікації, розповсюдження і т.п. (П) 2012
300 ## - Фізичний опис
Обсяг 410 с.
650 #7 - Додаткове предметне введення – тематичний термін
Тематичний термін чи географічна назва, як елемент введення (НП) 339.9 Міжнародна економіка взагалі. Міжнародні економічні зв'язки. Світове господарство
Джерело заголовка чи терміна UDC
942 ## - Додаткові елементи входу (Коха)
Тип елемента Koha Книги
955 ## - Код типу видання за змістом
Код типу видання за змістом (НП) Наукові видання
Фонди
Стан вилучень Стан втрат Джерело класифікації або схеми стелажів Стан уражень Не для кредиту Постійне місце розташування Поточне розміщення Дата придбання Джерело придбання Вартість, звичайна ціна покупки Інвентарний номер Усього замовленно Повний номер виклику Штрих-код Дата останнього перегляду Ціна ефективна від Тип елемента Koha
    Universal Decimal Classification     ЧЗ - Читальна зала ЧЗ - Читальна зала 13/02/2013 5/2013 30.00 141536   339.923(4+477) Е45 141536 06/02/2022 13/02/2013 Книги
    Universal Decimal Classification     ЧЗ - Читальна зала ЧЗ - Читальна зала 13/02/2013 5/2013 30.00 141537   339.923(4+477) Е45 141537 06/02/2022 13/02/2013 Книги
    Universal Decimal Classification     ЧЗ - Читальна зала ЧЗ - Читальна зала 13/02/2013 5/2013 30.00 141538   339.923(4+477) Е45 141538 06/02/2022 13/02/2013 Книги
    Universal Decimal Classification     ЧЗ - Читальна зала ЧЗ - Читальна зала 13/02/2013 5/2013 30.00 141539   339.923(4+477) Е45 141539 06/02/2022 13/02/2013 Книги
    Universal Decimal Classification     ЧЗ - Читальна зала ЧЗ - Читальна зала 13/02/2013 5/2013 30.00 141540   339.923(4+477) Е45 141540 06/02/2022 13/02/2013 Книги
    Universal Decimal Classification     ЧЗ - Читальна зала ЧЗ - Читальна зала 13/02/2013 5/2013 30.00 141541   339.923(4+477) Е45 141541 06/02/2022 13/02/2013 Книги
    Universal Decimal Classification     ЧЗ - Читальна зала ЧЗ - Читальна зала 13/02/2013 5/2013 30.00 141542   339.923(4+477) Е45 141542 06/02/2022 13/02/2013 Книги
    Universal Decimal Classification     ЧЗ - Читальна зала ЧЗ - Читальна зала 13/02/2013 5/2013 30.00 141543   339.923(4+477) Е45 141543 06/02/2022 13/02/2013 Книги
    Universal Decimal Classification     ЧЗ - Читальна зала ЧЗ - Читальна зала 13/02/2013 5/2013 30.00 141544   339.923(4+477) Е45 141544 06/02/2022 13/02/2013 Книги
    Universal Decimal Classification     ЧЗ - Читальна зала ЧЗ - Читальна зала 13/02/2013 5/2013 30.00 141545   339.923(4+477) Е45 141545 06/02/2022 13/02/2013 Книги